| 000 | 00442nam a2200145Ia 4500 | ||
|---|---|---|---|
| 008 | 231129s2006||||xx |||||||||||||| ||spa|| | ||
| 020 | _a958-04-9136-4 | ||
| 040 | _bspa | ||
| 082 | _a070.449 C346c | ||
| 100 | _aCastaño José Alejandro | ||
| 245 | 0 | _aCuánto cuesta matar a un hombre?: relatos reales de las comunas de Medellin | |
| 260 | _c2006 | ||
| 264 | _aGrupo Editorial Norma | ||
| 942 |
_2ddc _cBKS |
||
| 999 |
_c8389 _d8389 |
||